Aircraft emissions and climate change
Produkcia emisií leteckými motormi, emisie CO2 na letiskách. Emisné trendy. Globálny prístup pre letectvo. Ciele boja proti emisiám v letectve.
Gespeichert in:
| 1. Verfasser: | |
|---|---|
| Weitere Verfasser: | |
| Format: | Buchkapitel |
| Sprache: | Englisch |
| Schlagworte: | |
| Tags: |
Keine Tags, Fügen Sie das erste Tag hinzu!
|
MARC
| LEADER | 00000naa a2200000 4500 | ||
|---|---|---|---|
| 001 | 0120179 | ||
| 005 | 20240502072338.4 | ||
| 041 | 0 | |a eng | |
| 044 | |a SK | ||
| 245 | 1 | 0 | |a Aircraft emissions and climate change |c Dagmar Prividi, Eva Prividiová |
| 520 | |a Produkcia emisií leteckými motormi, emisie CO2 na letiskách. Emisné trendy. Globálny prístup pre letectvo. Ciele boja proti emisiám v letectve. | ||
| 610 | 2 | 0 | |a letiská |
| 610 | 2 | 0 | |a emisie |
| 610 | 2 | 0 | |a zmeny klimatické |
| 610 | 2 | 0 | |a znečistenie prostredia životného |
| 100 | 1 | |a Prividi, Dagmar | |
| 700 | 1 | |a Prividiová, Eva, 1952- | |